Taylor Swift - Devine les chansons par leurs 1ère phrases #9 - Statistiques

Statistiques générales
  • Ce quiz a été pris 149 fois
  • Le résultat moyen est 6 sur 15
Statistiques - réponses
Hint Réponse % Correct
I would be complex The Man
85%
I-I-I, I, I-I-I, I I Know Places
69%
Please picture me seven
68%
Hand on the throttle The Prophecy
65%
It was so nice throwin' big parties This Is Why We Can’t Have Nice Things
58%
I remember. Good girl, sad boy Question
51%
Who's gonna stop us from waltzing loml
39%
Your little hand's wrapped around my finger Never Grow Up
35%
Drew looks at me, I fake a smile so he won't see Teardrops On My Guitar
31%
I remember your bare feet down the hallway Ronan
29%
Break my soul in two Coney Island
23%
You good to go? Everything has Changed
16%
Your ***, stare right into my eyes Beautiful Eyes
8%
I could go back to every laugh Come In With The Rain
8%
You said, "I know" That’s When
7%
Aucun quiz correspondant
Distribution des résultats
% des personnes avec chaque résultat
Percentile par nombre de réponses
Votre historique - résultats
Vous n’avez pas pris ce quiz